<The> Aggregate Production Function and the Measurement of Technical Change Not Even Wrong
Guardado en:
| Autor principal: | |
|---|---|
| Otros Autores: | |
| Formato: | Libro |
| Lenguaje: | inglés |
| Publicado: |
Cheltenham
Edward Elgar
2013
|
| Materias: | |
| Etiquetas: |
Sin Etiquetas, Sea el primero en etiquetar este registro!
|
MARC
| LEADER | 00000nam a2200000 4500 | ||
|---|---|---|---|
| 001 | 0245601 | ||
| 005 | 20240312115418.2 | ||
| 020 | |a 978-1-78254-967-3 | ||
| 020 | |a 978-1-84064-255-1 | ||
| 041 | 0 | |a eng | |
| 044 | |a GB | ||
| 245 | 1 | 0 | |a <The> Aggregate Production Function and the Measurement of Technical Change |b Not Even Wrong |c Jesus Felipe, John S.L. McCombie |
| 264 | 1 | |a Cheltenham |b Edward Elgar |c 2013 | |
| 300 | |a 388 s. | ||
| 610 | 2 | 0 | |a funkcie produkčné |
| 610 | 2 | 0 | |a teória výroby |
| 610 | 2 | 0 | |a modelovanie ekonometrické |
| 610 | 2 | 0 | |a rast hospodársky |
| 610 | 2 | 0 | |a kapitál |
| 610 | 2 | 0 | |a modely rastu |
| 610 | 2 | 0 | |a simulácia |
| 100 | 1 | |a Felipe, Jesus | |
| 700 | 1 | |a McCombie, John S.L. | |